Effectif Olympique Lyonnais 2011-2012 - Statistiques

Statistiques générales
  • Ce quiz a été pris 149 fois
  • Le résultat moyen est 16 sur 29
Statistiques - réponses
Numéro Poste Nationalité Joueur % Correct
9 Attaquant Argentine Lisandro Lopez
97%
3 Défenseur (C) Brésil Cris
92%
1 Gardien France Hugo Lloris
88%
5 Défenseur Croatie Dejan Lovren
87%
17 Attaquant France Alexandre Lacazette
86%
6 Milieu Suède Kim Källström
85%
30 Gardien France Rémy Vercoutre
83%
11 Milieu Brésil Michel Bastos
82%
13 Défenseur France Anthony Réveillère
78%
18 Attaquant France Bafétimbi Gomis
77%
4 Défenseur Brurkina Faso Bakary Koné
70%
22 Milieu Mali Sidy Koné
69%
8 Milieu France Yoann Gourcuff
63%
7 Milieu France Clément Grenier
62%
21 Milieu France Maxime Gonalons
62%
43 Défenseur France Samuel Umtiti
51%
20 Défenseur France Aly Cissokho
47%
19 Attaquant France Jimmy Briand
47%
10 Milieu Brésil Ederson
43%
49 Milieu France Jordan Ferri
39%
26 Défenseur Ghana John Mensah
30%
/ Entraineur France Rémi Garde
29%
14 Défenseur France Mouhamadou Dabo
28%
15 Milieu France Gueida Fofana
25%
24 Attaquant France Jérémy Pied
17%
27 Attaquant France Yannis Tafer
15%
12 Défenseur France Timothée Kolodziejczak
4%
28 Gardien France Matthieu Valverde
3%
36 Défenseur France Sébastien Faure
1%
Aucun quiz correspondant
Distribution des résultats
% des personnes avec chaque résultat
Percentile par nombre de réponses
Votre historique - résultats
Vous n’avez pas pris ce quiz